Labor in the world social structure / (Record no. 45787)
[ view plain ]
| 000 -LEADER | |
|---|---|
| fixed length control field | 01351nam a2200313 a 4500 |
| 001 - CONTROL NUMBER | |
| control field | 45787 |
| 003 - CONTROL NUMBER IDENTIFIER | |
| rucl marc code | BD-RjUL |
| 005 - DATE AND TIME OF LATEST TRANSACTION | |
| control field | 20211209054052.0 |
| 008 - FIXED-LENGTH DATA ELEMENTS--GENERAL INFORMATION | |
| fixed length control field | 160728s1983 cau b 100 0 eng |
| 020 ## - INTERNATIONAL STANDARD BOOK NUMBER | |
| International Standard Book Number | 0803919220 |
| 035 ## - SYSTEM CONTROL NUMBER | |
| System control number | (BD-RjUL)45905 |
| 040 ## - CATALOGING SOURCE | |
| Original cataloging agency | DLC |
| Language of cataloging | eng |
| Transcribing agency | DLC |
| Modifying agency | DLC |
| -- | LC |
| 041 ## - LANGUAGE CODE | |
| Language code of text/sound track or separate title | eng |
| 082 04 - DEWEY DECIMAL CLASSIFICATION NUMBER | |
| Classification number | 305.562 |
| Edition number | 23 |
| Author mark and year | LAB 1983 |
| 245 00 - TITLE STATEMENT | |
| Title | Labor in the world social structure / |
| Statement of responsibility, etc. | Immanuel Wallerstein, editor. |
| 260 ## - PUBLICATION, DISTRIBUTION, ETC. (IMPRINT) | |
| Place of publication, distribution, etc. | Beverly Hills : |
| Name of publisher, distributor, etc. | Sage Publications, |
| Date of publication, distribution, etc. | c1983. |
| 300 ## - PHYSICAL DESCRIPTION | |
| Pagination | 256 p. ; |
| Size | 23 cm. |
| 500 ## - GENERAL NOTE | |
| General note | "Based on the First U.S.-U.S.S.R. Colloquium on World Labor and Social Change, 1980, under the auspices of the U.S.-U.S.S.R. Commission on Social Sciences and the Humanities, sopnsored by the American Council of Learned Societies and the U.S.S.R. Academy of Sciences." |
| 504 ## - BIBLIOGRAPHY, ETC. NOTE | |
| Bibliography, etc | Includes bibliographical references. |
| 650 #0 - SUBJECT ADDED ENTRY--TOPICAL TERM | |
| Topical term or geographic name as entry element | Labor |
| General subdivision | Congresses. |
| 9 (RLIN) | 140046 |
| Topical term or geographic name as entry element | Labor unions |
| General subdivision | Congresses. |
| 9 (RLIN) | 140047 |
| 700 1# - ADDED ENTRY--PERSONAL NAME | |
| Personal name | Wallerstein, Immanuel Maurice, |
| Dates associated with a name | 1930- |
| 710 2# - ADDED ENTRY--CORPORATE NAME | |
| Corporate name or jurisdiction name as entry element | Akademiia nauk SSSR. |
| 9 (RLIN) | 130403 |
| Corporate name or jurisdiction name as entry element | American Council of Learned Societies. |
| 9 (RLIN) | 140049 |
| 711 2# - ADDED ENTRY--MEETING NAME | |
| Meeting name or jurisdiction name as entry element | U.S.-U.S.S.R. Colloquium on World Labor and Social Change |
| Number of part/section/meeting | (1st :, |
| Date of meeting | 1980 : |
| Location of meeting | Binghamton, N.Y.) |
| 9 (RLIN) | 140050 |
| 942 ## - ADDED ENTRY ELEMENTS (KOHA) | |
| Source of classification or shelving scheme | Dewey Decimal Classification |
| Koha item type | Books |
| Lost status | Source of classification or shelving scheme | Damaged status | Not for loan | Collection code | Permanent Location | Current Location | Shelving location | Date acquired | Source of acquisition | Total Checkouts | Full call number | Date last seen | Copy number | Koha item type |
|---|---|---|---|---|---|---|---|---|---|---|---|---|---|---|
| Dewey Decimal Classification | Non-fiction | Central Library, University of Rajshahi | Central Library, University of Rajshahi | 10/07/1990 | The Asia Foundation, USA | 305.562 LAB 1983 | 28/07/2016 | C-2 | Books |